[Event "AUTO-MASTER-2575"]
[Site "http://www.queenalice.com/game.php?id=1469664"]
[Date "2017.3.20"]
[Round "1"]
[White "joao"]
[Black "KLEOJ"]
[Result "1-0"]
[WhiteElo "2190"]
[BlackElo "2132"]

1. d4 Nf6 2. c4 e5 3. dxe5 Ng4 4. Nf3 Nc6 5. Bf4 Bb4+ 6. Nbd2 Qe7 7. e3 Ngxe5 8.
Nxe5 Nxe5 9. Be2 O-O 10. O-O Bxd2 11. Qxd2 d6 12. Qc3 Bd7 13. c5 Bc6 14. cxd6
cxd6 15. Rfd1 Qf6 16. Rd4 Qg6 17. Bg3 Rac8 18. Qb4 h5 19. Rxd6 f6 20. f3 Qe8 21.
Rad1 Nxf3+ 22. Bxf3 Bxf3 23. gxf3 Qxe3+ 24. Bf2 Qxf3 25. R6d3 1-0

[Event "AUTO-OPEN-3749"]
[Site "http://www.queenalice.com/game.php?id=1471023"]
[Date "2017.3.29"]
[Round "2"]
[White "joao"]
[Black "Pin"]
[Result "1-0"]
[WhiteElo "2175"]
[BlackElo "1921"]

1. e4 d6 2. Nc3 Nf6 3. d4 e5 4. Nf3 Nbd7 5. Bc4 Be7 6. O-O c6 7. a4 Qc7 8. Re1
O-O 9. h3 exd4 10. Qxd4 a6 11. Bf4 Nh5 12. Bh2 Nb6 13. Be2 Be6 14. Nd2 Nf6 15.
e5 Nfd5 16. Nxd5 Bxd5 17. exd6 Bxd6 18. Bxd6 Qxd6 19. Qxb6 Qg6 20. Bf3 Qxc2 21.
Bxd5 cxd5 22. Nf3 Rab8 23. Ne5 Rfd8 24. Rac1 Qf5 25. Rc7 f6 26. g4 1-0

[Event "AUTO-OPEN-3749"]
[Site "http://www.queenalice.com/game.php?id=1471024"]
[Date "2017.3.29"]
[Round "2"]
[White "Pin"]
[Black "joao"]
[Result "0-1"]
[WhiteElo "1927"]
[BlackElo "2170"]

1. e4 c5 2. Nf3 d6 3. d4 Nf6 4. Nc3 cxd4 5. Qxd4 Nc6 6. Bb5 Nd7 7. Qd3 Nc5 8.
Qd5 Bd7 9. O-O e6 10. Qd1 Be7 11. Be3 O-O 12. a3 Rc8 13. Bxc6 Bxc6 14. Bxc5 dxc5
15. Qe2 Qb6 16. Rab1 Bf6 17. Rfe1 Bxc3 18. bxc3 Qa5 19. Ng5 Qxc3 20. Qh5 h6 21.
Re3 Qxc2 22. Rbe1 hxg5 23. Rh3 f6 24. Qg6 Qd2 25. Rf1 Qe2 26. Rh7 Rc7 27. f3 Be8
0-1

[Event "AUTO-OPEN-3749"]
[Site "http://www.queenalice.com/game.php?id=1471025"]
[Date "2017.3.29"]
[Round "2"]
[White "joao"]
[Black "Nille"]
[Result "1-0"]
[WhiteElo "2168"]
[BlackElo "1810"]

1. e4 e5 2. Nf3 d6 3. d4 exd4 4. Nxd4 h6 5. Bc4 Nf6 6. Nc3 Be7 7. O-O a6 8. Re1
b5 9. Bd5 Nxd5 10. Nxd5 Bb7 11. Qg4 g5 12. b3 c5 13. Nf5 Bf6 14. Nxf6+ Qxf6 15.
Rb1 Nc6 16. Bb2 Qg6 17. Bxh8 Ne5 18. Qg3 Bxe4 19. Nxd6+ Qxd6 20. Rxe4 f6 21. f4
gxf4 22. Qxf4 Kf7 23. Bxf6 Qxf6 24. Qxf6+ Kxf6 25. Rf1+ Ke6 26. Rfe1 1-0

[Event "AUTO-OPEN-3749"]
[Site "http://www.queenalice.com/game.php?id=1471026"]
[Date "2017.3.29"]
[Round "2"]
[White "Nille"]
[Black "joao"]
[Result "0-1"]
[WhiteElo "1808"]
[BlackElo "2169"]

1. e4 c5 2. Nf3 d6 3. h3 Nf6 4. Nc3 g6 5. d4 cxd4 6. Nxd4 a6 7. Bd3 Bg7 8. Be3
O-O 9. O-O Nbd7 10. b4 Qc7 11. Nd5 Nxd5 12. exd5 b5 13. a4 Qc3 14. axb5 Bxd4 15.
Bxd4 Qxd4 16. c4 Ne5 17. Be2 Qb6 18. Re1 Bb7 19. Qb3 axb5 20. Reb1 bxc4 21. Bxc4
Qd4 22. Ra5 Nxc4 23. Rxa8 Rxa8 24. Rd1 Ra1 25. Rxa1 Qxa1+ 26. Kh2 Qe5+ 0-1

[Event "AUTO-OPEN-3749"]
[Site "http://www.queenalice.com/game.php?id=1471027"]
[Date "2017.3.29"]
[Round "2"]
[White "joao"]
[Black "Quiaseze"]
[Result "1-0"]
[WhiteElo "2176"]
[BlackElo "1801"]

1. e4 e5 2. Nf3 Nc6 3. Bb5 Nd4 4. Nxd4 exd4 5. O-O Qg5 6. Be2 Be7 7. d3 Qg6 8.
Bf4 d6 9. Nd2 Nf6 10. Nf3 Nh5 11. Bg3 1-0

[Event "AUTO-OPEN-3749"]
[Site "http://www.queenalice.com/game.php?id=1471028"]
[Date "2017.3.29"]
[Round "2"]
[White "Quiaseze"]
[Black "joao"]
[Result "0-1"]
[WhiteElo "1803"]
[BlackElo "2175"]

1. e4 e5 2. Bc4 Nf6 3. d3 Nc6 4. c3 Bc5 5. Qf3 h6 6. Ne2 O-O 7. O-O a6 8. Qg3
Kh7 9. Kh1 d6 10. f4 Bg4 11. fxe5 Nxe5 0-1

[Event "AUTO-OPEN-3832"]
[Site "http://www.queenalice.com/game.php?id=1488730"]
[Date "2017.8.4"]
[Round "1"]
[White "joao"]
[Black "Fredo"]
[Result "1-0"]
[WhiteElo "2184"]
[BlackElo "1913"]

1. e4 c5 2. Nf3 d6 3. d4 cxd4 4. Nxd4 Nf6 5. Nc3 a6 6. Bg5 Nbd7 7. Bc4 Qc7 8.
Qe2 Ne5 9. Bb3 e6 10. f4 Nc6 11. Nxc6 bxc6 12. O-O-O Be7 13. e5 dxe5 14. fxe5
Nd5 15. Ne4 Bd7 16. Bxe7 Nxe7 17. Nd6+ Kf8 18. Rhf1 Be8 19. Bxe6 f5 20. exf6
gxf6 21. Rxf6+ Kg7 22. Nxe8+ Rhxe8 23. Rf7+ Kh8 24. Qh5 1-0

[Event "AUTO-OPEN-3832"]
[Site "http://www.queenalice.com/game.php?id=1488731"]
[Date "2017.8.4"]
[Round "1"]
[White "Fredo"]
[Black "joao"]
[Result "1-0"]
[WhiteElo "1904"]
[BlackElo "2188"]

1. e4 c5 2. Nf3 e6 3. c3 d5 4. e5 Nc6 5. d4 Qb6 6. Be2 cxd4 7. cxd4 Nge7 8. Na3
Nf5 9. Nc2 Bb4+ 10. Kf1 Be7 11. b3 O-O 12. g4 Nh4 13. Nxh4 Bxh4 14. g5 Ne7 15.
Bd3 Ng6 16. Qg4 Qc7 17. Ba3 Re8 18. Rc1 Qc3 19. Bxg6 Bxf2 20. Bxf7+ Kxf7 21.
Kxf2 b5 22. Rhf1 Kg8 23. Kg1 a5 24. Qf4 Bd7 25. Qf7+ Kh8 26. Qxd7 b4 27. Rf7 Rg8
28. Qxe6 Rad8 29. Qe7 bxa3 30. Rxg7 Rxg7 31. Qxd8+ Rg8 32. Qf6+ Rg7 33. Qf4 Kg8
34. Nxa3 1-0

[Event "AUTO-OPEN-3832"]
[Site "http://www.queenalice.com/game.php?id=1488732"]
[Date "2017.8.4"]
[Round "1"]
[White "joao"]
[Black "Bebeto"]
[Result "0-1"]
[WhiteElo "2120"]
[BlackElo "2079"]

1. d4 Nf6 2. c4 g6 3. Nc3 Bg7 4. e4 O-O 5. Nf3 d6 6. Be2 Nbd7 7. O-O e5 8. Bd3
a6 9. Be3 b6 10. h3 Bb7 11. b4 c5 12. dxe5 dxe5 13. bxc5 bxc5 14. Rb1 Rb8 15.
Qc2 Qc8 16. Nd5 Nxd5 17. exd5 f5 18. Ng5 e4 19. Be2 Re8 20. Ne6 Be5 21. Bf4 Re7
22. f3 Bxf4 23. Nxf4 Nf8 24. Qc3 e3 25. h4 Ba8 26. Qf6 Rf7 0-1

[Event "AUTO-OPEN-3832"]
[Site "http://www.queenalice.com/game.php?id=1488733"]
[Date "2017.8.4"]
[Round "1"]
[White "Bebeto"]
[Black "joao"]
[Result "1-0"]
[WhiteElo "2060"]
[BlackElo "2134"]

1. e4 e5 2. Nf3 Nc6 3. Bb5 a6 4. Ba4 Nf6 5. O-O Be7 6. Re1 b5 7. Bb3 d6 8. c3
O-O 9. h3 Na5 10. Bc2 c5 11. d3 Nc6 12. Nbd2 Qc7 13. Nf1 Re8 14. Ng3 h6 15. Be3
d5 16. d4 cxd4 17. cxd4 Bd6 18. exd5 Nxd5 19. Ne4 exd4 20. Nxd6 Qxd6 21. Bxd4
Bd7 22. Qd3 g6 23. Be3 Ncb4 24. Qd2 Nxc2 25. Qxc2 Rac8 26. Qd2 g5 27. Red1 1-0

[Event "AUTO-MASTER-2639"]
[Site "http://www.queenalice.com/game.php?id=1494600"]
[Date "2017.9.15"]
[Round "1"]
[White "Alexandrovinsk"]
[Black "joao"]
[Result "1-0"]
[WhiteElo "2116"]
[BlackElo "2033"]

1. f4 Nf6 2. Nf3 g6 3. e3 Bg7 4. Nc3 O-O 5. Bc4 d5 6. Bb3 c5 7. d3 Nc6 8. a3 e6
9. O-O a6 10. Qe1 b5 11. Bd2 c4 12. dxc4 dxc4 13. Ba2 Qb6 14. Kh1 Bb7 15. e4 Nd7
16. Rd1 e5 17. Nd5 Qd8 18. f5 h6 19. Qg3 Kh7 20. Nh4 g5 21. Nf3 Nf6 22. Nxg5+
hxg5 23. Bxg5 1-0

[Event "AUTO-MASTER-2639"]
[Site "http://www.queenalice.com/game.php?id=1494601"]
[Date "2017.9.15"]
[Round "1"]
[White "joao"]
[Black "Alexandrovinsk"]
[Result "0-1"]
[WhiteElo "2047"]
[BlackElo "2106"]

1. e4 c6 2. d4 d5 3. Nc3 dxe4 4. Nxe4 Bf5 5. Ng3 Bg6 6. h4 h6 7. Nf3 Nd7 8. h5
Bh7 9. Bd3 Bxd3 10. Qxd3 e6 11. Bd2 Ngf6 12. O-O-O Bd6 13. Qe2 O-O 14. Ne5 Bxe5
15. dxe5 Nd5 16. Rhe1 Qb6 17. Qg4 Kh8 18. a3 Nc5 19. c4 Nd3+ 20. Kc2 Nxf2 21.
Qf3 Nxd1 22. cxd5 Nxb2 0-1

[Event "AUTO-MASTER-2639"]
[Site "http://www.queenalice.com/game.php?id=1494616"]
[Date "2017.9.15"]
[Round "1"]
[White "Adrianovlg"]
[Black "joao"]
[Result "0-1"]
[WhiteElo "2101"]
[BlackElo "2079"]

1. e4 e5 2. Nc3 Nf6 3. f4 d5 4. fxe5 Nxe4 5. Nf3 Be7 6. Qe2 Nxc3 7. dxc3 c5 8.
Bf4 Nc6 9. Qf2 h6 10. Bd3 c4 11. Be2 Bf5 12. O-O O-O 13. Nd4 Be4 14. Qg3 Kh7 15.
b3 Qb6 16. bxc4 Bc5 17. Be3 Nxd4 18. cxd4 Bxd4 19. Bxd4 Qxd4+ 20. Kh1 Bxc2 21.
Rac1 Qe4 22. Rxc2 dxc4 23. Rxc4 Qxe2 24. Rc7 Qxf1# 0-1

[Event "AUTO-MASTER-2639"]
[Site "http://www.queenalice.com/game.php?id=1494617"]
[Date "2017.9.15"]
[Round "1"]
[White "joao"]
[Black "Adrianovlg"]
[Result "0-1"]
[WhiteElo "2020"]
[BlackElo "2140"]

1. e4 c5 2. Nf3 d6 3. d4 cxd4 4. Nxd4 Nf6 5. Nc3 a6 6. Be3 e5 7. Nb3 Be6 8. f3
b5 9. Qd2 Be7 10. O-O-O Qc7 11. g4 b4 12. Nd5 Bxd5 13. exd5 a5 14. Bb5+ Nbd7 15.
Ba4 Rc8 16. Qf2 O-O 17. h4 Nc5 18. Bc6 Nfd7 19. f4 exf4 20. Bxf4 Nxb3+ 21. axb3
Bf6 22. g5 Be5 23. h5 Bxf4+ 24. Qxf4 Ne5 25. h6 Nxc6 0-1

[Event "AUTO-MASTER-2639"]
[Site "http://www.queenalice.com/game.php?id=1494628"]
[Date "2017.9.15"]
[Round "1"]
[White "joao"]
[Black "abelhm"]
[Result "0-1"]
[WhiteElo "2009"]
[BlackElo "2190"]

1. d4 d5 2. c4 c6 3. Nf3 Nf6 4. Nc3 dxc4 5. a4 Bf5 6. e3 e6 7. Bxc4 Bb4 8. O-O
O-O 9. Qe2 Ne4 10. Nxe4 Bxe4 11. Rd1 Qf6 12. Ne5 Bd6 13. f3 Bg6 14. Ng4 Qe7 15.
e4 Qc7 16. e5 Be7 17. Be3 Nd7 18. Nf2 Nb6 19. Bd3 Bxd3 20. Qxd3 Nd5 21. Bd2 Rfd8
22. Ne4 h6 0-1

[Event "AUTO-MASTER-2639"]
[Site "http://www.queenalice.com/game.php?id=1494629"]
[Date "2017.9.15"]
[Round "1"]
[White "abelhm"]
[Black "joao"]
[Result "1-0"]
[WhiteElo "2197"]
[BlackElo "2000"]

1. e4 c5 2. Nf3 d6 3. d4 cxd4 4. Nxd4 Nf6 5. Nc3 a6 6. Bg5 e6 7. f4 Nbd7 8. Qf3
Qc7 9. O-O-O b5 10. Bd3 Bb7 11. Rhe1 h6 12. Bh4 Be7 13. a3 Rc8 14. Nb3 Nc5 15.
Nxc5 Qxc5 16. Bf2 Qc7 17. Qg3 O-O 18. Be3 Nd7 19. f5 Kh8 20. Qh3 Bf6 21. Bxh6
gxh6 22. Qxh6+ Kg8 23. Re3 1-0

[Event "AUTO-OPEN-3775"]
[Site "http://www.queenalice.com/game.php?id=1494675"]
[Date "2017.9.15"]
[Round "2"]
[White "seanysean"]
[Black "joao"]
[Result "1-0"]
[WhiteElo "1736"]
[BlackElo "2096"]

1. e4 c5 2. Nf3 d6 3. d4 cxd4 4. Nxd4 Nf6 5. Nc3 a6 6. g3 e5 7. Nb3 Be7 8. Bg2
O-O 9. O-O b5 10. Nd5 Nxd5 11. Qxd5 Ra7 12. f4 Be6 13. Qd2 exf4 14. gxf4 Nc6 15.
Kh1 Bf6 16. e5 Nxe5 17. fxe5 Bxe5 18. Qf2 Rc7 19. Be3 1-0

[Event "AUTO-OPEN-3775"]
[Site "http://www.queenalice.com/game.php?id=1494676"]
[Date "2017.9.15"]
[Round "2"]
[White "joao"]
[Black "seanysean"]
[Result "0-1"]
[WhiteElo "2107"]
[BlackElo "1618"]

1. d4 d5 2. c4 e6 3. Nc3 Nf6 4. Bg5 Be7 5. e3 O-O 6. Nf3 h6 7. Bh4 c5 8. dxc5
Bxc5 9. cxd5 exd5 10. Nxd5 Qxd5 11. Qa4 Bd7 12. Qd1 Bb4+ 13. Nd2 Ne4 14. Bc4
Qxc4 0-1

[Event "AUTO-OPEN-3775"]
[Site "http://www.queenalice.com/game.php?id=1494683"]
[Date "2017.9.15"]
[Round "2"]
[White "joao"]
[Black "goldenboy"]
[Result "0-1"]
[WhiteElo "2167"]
[BlackElo "1992"]

1. e4 e5 2. Nf3 Nc6 3. Bb5 Bc5 4. O-O Nf6 5. c3 O-O 6. d4 exd4 7. cxd4 Bb6 8.
Nc3 d5 9. e5 Ne4 10. h3 Nxc3 11. bxc3 Bd7 12. Qd3 Re8 0-1

[Event "AUTO-OPEN-3775"]
[Site "http://www.queenalice.com/game.php?id=1494684"]
[Date "2017.9.15"]
[Round "2"]
[White "goldenboy"]
[Black "joao"]
[Result "1-0"]
[WhiteElo "2015"]
[BlackElo "2150"]

1. e4 c5 2. f4 Nc6 3. Nf3 g6 4. d4 cxd4 5. Nxd4 Bg7 6. c3 d6 7. Bb5 Bd7 8. Be3
Nf6 9. Nd2 O-O 10. Bxc6 bxc6 11. O-O 1-0